000 00189nam a2200109Ia 4500
100 _aSUN TZU
942 _cBK
245 _aART OF WAR
260 _b#N/A
546 _aENGLISH
999 _c27278
_d27278